Výpočetní systémy JSEP
Gespeichert in:
| 1. Verfasser: | |
|---|---|
| Format: | Buch |
| Sprache: | Tschechisch |
| Veröffentlicht: |
Praha
Národní organizace technické obsluhy
1986
|
| Ausgabe: | 1. vyd. |
| Schriftenreihe: | Výběr informací z organizační a výpočetní techniky
|
| Tags: |
Keine Tags, Fügen Sie das erste Tag hinzu!
|
MARC
| LEADER | 00000nam a2200000 4500 | ||
|---|---|---|---|
| 001 | c040636 | ||
| 005 | 20221220073304.8 | ||
| 041 | 0 | |a cze | |
| 044 | |a CZ | ||
| 245 | 1 | 0 | |a Výpočetní systémy JSEP |c Jaroslav Jandoš a kol. |
| 250 | |a 1. vyd. | ||
| 264 | 1 | |a Praha |b Národní organizace technické obsluhy |c 1986 | |
| 300 | |a 424 s. | ||
| 490 | 1 | |a Výběr informací z organizační a výpočetní techniky | |
| 830 | 0 | |a Výběr informací z organizační a výpočetní techniky | |
| 100 | 1 | |a Jandoš, Jaroslav | |